K dovozu strojů pro zelinářství a ovocnářství v rámci RVHP

Bibliographic Details
Main Author: Mašek, Antonín (Author)
Format: Article
Language:Czech
Subjects:

MARC

LEADER 00000nab a2200000 a 4500
001 vtls000068164
003 SK-MaSNL
005 20260303024559.0
008 160202c1980 xo 0 cze
015 |a SNBRB19rr/mm-uuuuu 
035 |a CL0078264 
040 |a SNKBUCL  |b slo  |c SNKBUCL  |e AACR2 
041 0 |a cze 
044 |a xo  |c SK 
080 |a 631.3  |2 1981 
080 |a 339.923  |2 1981 
080 |a 061.1(4-15)  |2 1981 
100 1 |a Mašek, Antonín  |4 aut  |9 289827 
245 1 0 |a K dovozu strojů pro zelinářství a ovocnářství v rámci RVHP  |c Antonín Mašek 
650 0 7 |a mechanizácia ovocinárstva  |2 snkbucl  |9 921755 
650 0 7 |a mechanizácia zeleninárstva  |2 snkbucl  |9 949605 
650 0 7 |a Rada vzájomnej hospodárskej pomoci  |2 snkbucl  |9 920973 
655 7 |a články z novín a časopisov  |2 snkbucl  |9 267496 
773 0 |t Záhradníctvo  |g Roč. 5, č. 10 (1980), s. 435-436 
850 |a Slovenská národná knižnica v Martine  |a MTA001 
852 |a SNK  |b KIS3GCP 
958 |a RK 
958 |a CZ 
992 |a RBX 
999 |c 1641421  |d 1643351